El maestro francés ó sea Gramática franco-española

Gespeichert in:
Bibliographische Detailangaben
1. Verfasser: Laverdure, G. Justino E.
Format: Buch
Sprache:Spanisch
Erschienen: Oviedo : Imp. y Lit. de Vicente Brid, 1878
Ausgabe:6ª ed.
Katalog:MANES:  Suchergebnis im Bibliothekskatalog
Schulbuchspezifische Eigenschaften:
Tags: Tag hinzufügen
Keine Tags, Fügen Sie den ersten Tag hinzu!
Hinzugefügt zu:09.02.2019
Geändert in:07.05.2025

MARC

LEADER 00000cam a2200000 4500
005 20250507134619.0
008 190210S1878 0esp p 0000 00spa0d
040 |a uned  |b spa  |c entro-manes 
041 0 |a spa 
100 1 |a Laverdure, G. Justino E.  |9 41457 
245 1 3 |a El maestro francés ó sea Gramática franco-española  |c por G. Justino E. Laverdure 
250 |a 6ª ed. 
260 |a Oviedo :  |b Imp. y Lit. de Vicente Brid,  |c 1878 
300 |a 358 p. 
546 |a España 
561 |5 es-BUNED  |3 L.T. 1121  |a España. Fondo Manes UNED  |k MANES 
690 0 |a LE 
942 |2 ddc  |c BK 
999 |c 98620  |d 98620 
999 |c manes:98620  |d 98620